000
00267nam a22001217a 4500
008
180918b xxu||||| |||| 00| 0 eng d
041
_a
eng
080
_a
621
100
_a
26
101
_a
MEK
245
_a
Probability and Statistics
_c
Devore, J.L
942
_2
udc
_c
BK
999
_c
47898
_d
47898